Evaluación de cuatro especies aromáticas (Lavandula sp., Rosmarinus officinalis, Melissa officinalis y Artemisia absinthium) en el marco de la Red de Cultivos Aromáticos del Sudoeste Bonaerense : Sitio Napostá. Ciclo 2018-2019 /

Guardado en:
Autor Principal: Cartuccia, Gimena.
Autor Corporativo: Universidad Nacional del Sur. Departamento de Agronomía.
Otros Autores: Espósito, Martín Eduardo, (tutor.)
Formato: Libro
Idioma:Spanish
Publicado: Bahía Blanca, 2021.
Materias:
Acceso en línea:Acceso a texto completo
Etiquetas: Agregar Etiqueta
Sin Etiquetas, Sea el primero en etiquetar este registro!
LEADER 01438nam a22003135a 4500
001 EEA.libagro011313
008 210611s2021####ag#ao#########000#0#spa#d
005 20220302100700.0
245 1 0 |a Evaluación de cuatro especies aromáticas (Lavandula sp., Rosmarinus officinalis, Melissa officinalis y Artemisia absinthium) en el marco de la Red de Cultivos Aromáticos del Sudoeste Bonaerense :  |b Sitio Napostá. Ciclo 2018-2019 /  |c Gimena Cartuccia. 
260 |a Bahía Blanca,  |c 2021. 
300 |a 49 h. :  |b il. col., fot. col. ;  |c 30 cm. 
500 |a Trabajo de intensificación (Ingeniero Agrónomo) -- Universidad Nacional del Sur. Departamento de Agronomía, 2021. 
530 |a Disponible también en línea. 
100 1 |a Cartuccia, Gimena. 
700 1 |a Espósito, Martín Eduardo,  |e tutor. 
710 2 |a Universidad Nacional del Sur.  |b Departamento de Agronomía. 
082 0 4 |a 633.8  |2 20 
650 7 |a Plantas aromáticas  |2 agrovoc 
650 7 |a Plantas medicinales  |2 agrovoc 
650 7 |a Cultivos  |x Necesidades de agua  |2 agrovoc 
650 7 |a Cultivos  |x Métodos de riego  |2 agrovoc 
650 7 |a Melisa  |2 agrovoc 
650 7 |a Lavándula  |2 agrovoc 
650 7 |a Romero  |2 agrovoc 
650 7 |a Sudoeste bonaerense  |2 Catalis Autoridades 
653 |a Ajenjo 
653 |a Lavandín 
856 4 0 |3 Acceso a texto completo  |u https://repositoriodigital.uns.edu.ar/handle/123456789/5656 
859 |a AR-BbBCA  |b BIB. AGRONOMIA  |h 633.8  |i C328  |p 2021/7157